000 00662nam a22002177a 4500
003 OSt
005 20240530110423.0
008 150315s2009 ua ao f 001 0 eng d
020 _a9789774163166
040 _aEG-CaGPL
_cEG-CaGPL
082 0 4 _221
_a916.2
_bCC/F W
100 1 _aFerrero , Giorgio
245 1 0 _aWonders of Egypt /
_cText by Giorgio Ferrero Foreword by Zahi Hawass
260 _aCairo :
_bThe American University in Cairo Press,
_c2009.
300 _a735 p. :
_bcol. ill. , photos ;
_c16 cm.
650 0 _aCurlosities and Wonders
651 0 _aEgypt
_xantiquities
700 0 _aZahi Hawass
942 _2ddc
_cBK
999 _c60691
_d60691